000 01212cam a2200301 a 4500
001 2109
005 20250716154355.0
020 _a9780753458761
040 _aUk
_cUk
_dDLC
_beng
050 0 0 _aPZ7.R7867
_bFan 2005
082 0 0 _a793.73
_222
100 1 _aRosen, Michael
_d1946-
245 1 0 _aFantastically funny stories /
_cMichael Rosen ; illustrated by Mik Brown.
260 _aBoston :
_bKingfisher,
_c2005
300 _a61 pages :
_billustrations
_c20 cm
500 _a"Some of the material in this edition was previously published by Kingfisher Publications in 1988 in Silly stories"--P. 2.
505 _aT
520 _aShort stories to make you howl This hilarious collection will get a laugh from any reader More than 25 short stories feature characters like a rogue elephant, a short-sighted dentist, naughty schoolboys and little girls who ask a lot of questions.
521 _a900
_bLexile estimate
521 _aT
_bRaz-Plus
650 0 _aChildren's stories, English.
650 0 _aHumorous stories, English.
650 1 _aShort stories.
650 1 _aHumorous stories.
700 1 _aBrown, Mik
_eillustrator
906 _a7
_bcbc
_ccopycat
_d2
_encip
_f20
_gy-gencatlg
942 _2ddc
_cBK
_n0
999 _c2109
_d2109